Sports Quiz

Random Sports Quiz

Derby della Madonnina Serie A XIs 2010-2015 Quiz Stats

 Plays Quiz not verified by Sporcle

Challenge
Share
Tweet
Embed
Score 0/220 Timer 12:00
0 Plays Today
Match & Year Player % Correct
Inter 0-1 MILAN (2010/11) Christian Abbiati
96.9%
Inter 0-1 MILAN (2010/11) Zlatan Ibrahimović
96.9%
MILAN 3-0 Inter (2010/11) Christian Abbiati
96.9%
MILAN 0-1 Inter (2011/12) Christian Abbiati
96.9%
MILAN 0-1 Inter (2011/12) Zlatan Ibrahimović
96.9%
Inter 4-2 MILAN (2011/12) Christian Abbiati
96.9%
Inter 4-2 MILAN (2011/12) Zlatan Ibrahimović
96.9%
MILAN 0-1 Inter (2012/13) Christian Abbiati
96.9%
Inter 1-1 MILAN (2012/13) Christian Abbiati
96.9%
Inter 1-0 MILAN (2013/14) Christian Abbiati
96.9%
MILAN 1-0 Inter (2013/14) Christian Abbiati
96.9%
Milan 0-1 INTER (2012/13) Samir Handanović
96.5%
INTER 1-1 Milan (2012/13) Samir Handanović
96.5%
INTER 1-0 Milan (2013/14) Samir Handanović
96.5%
Milan 1-0 INTER (2013/14) Samir Handanović
96.5%
Milan 1-1 INTER (2014/15) Samir Handanović
96.5%
INTER 0-0 Milan (2014/15)Samir Handanović
96.5%
Milan 3-0 INTER (2010/11) Júlio César
95.5%
Milan 0-1 INTER (2011/12) Júlio César
95.5%
INTER 4-2 Milan (2011/12) Júlio César
95.5%
INTER 0-1 Milan (2010/11) Samuel Eto'o
94.7%
Milan 3-0 INTER (2010/11) Samuel Eto'o
94.7%
INTER 0-1 Milan (2010/11) Diego Milito
94.3%
Milan 0-1 INTER (2011/12) Diego Milito
94.3%
INTER 4-2 Milan (2011/12) Diego Milito
94.3%
Milan 0-1 INTER (2012/13) Diego Milito
94.3%
Inter 4-2 MILAN (2011/12) Sulley Muntari
94%
Inter 1-1 MILAN (2012/13) Sulley Muntari
94%
Inter 1-0 MILAN (2013/14) Sulley Muntari
94%
MILAN 1-1 Inter (2014/15) Sulley Muntari
94%
Inter 0-1 MILAN (2010/11) Ignazio Abate
93.7%
MILAN 3-0 Inter (2010/11) Ignazio Abate
93.7%
MILAN 0-1 Inter (2011/12) Ignazio Abate
93.7%
Inter 4-2 MILAN (2011/12) Ignazio Abate
93.7%
Inter 1-1 MILAN (2012/13) Ignazio Abate
93.7%
Inter 0-0 MILAN (2014/15) Ignazio Abate
93.7%
INTER 0-1 Milan (2010/11) Wesley Sneijder
93.5%
Milan 3-0 INTER (2010/11) Wesley Sneijder
93.5%
INTER 4-2 Milan (2011/12) Wesley Sneijder
93.5%
Inter 0-1 MILAN (2010/11) Robinho
92.4%
MILAN 3-0 Inter (2010/11) Robinho
92.4%
Inter 4-2 MILAN (2011/12) Robinho
92.4%
MILAN 0-1 Inter (2012/13) Philippe Mexès
91.9%
Inter 1-1 MILAN (2012/13) Philippe Mexès
91.9%
MILAN 1-0 Inter (2013/14) Philippe Mexès
91.9%
MILAN 1-1 Inter (2014/15) Philippe Mexès
91.9%
Inter 0-0 MILAN (2014/15) Philippe Mexès
91.9%
INTER 0-1 Milan (2010/11) Cristian Chivu
91.8%
Milan 3-0 INTER (2010/11) Cristian Chivu
91.8%
Milan 0-1 INTER (2011/12) Yuto Nagatomo
91.8%
INTER 4-2 Milan (2011/12) Yuto Nagatomo
91.8%
Milan 0-1 INTER (2012/13) Yuto Nagatomo
91.8%
INTER 1-1 Milan (2012/13) Yuto Nagatomo
91.8%
INTER 1-0 Milan (2013/14) Yuto Nagatomo
91.8%
Milan 1-0 INTER (2013/14) Yuto Nagatomo
91.8%
Milan 1-1 INTER (2014/15) Yuto Nagatomo
91.8%
INTER 0-1 Milan (2010/11) Lúcio
91.1%
Milan 0-1 INTER (2011/12) Lúcio
91.1%
INTER 4-2 Milan (2011/12) Lúcio
91.1%
INTER 0-1 Milan (2010/11) Javier Zanetti
90.6%
Milan 3-0 INTER (2010/11) Javier Zanetti
90.6%
Milan 3-0 INTER (2010/11) Esteban Cambiasso
90.6%
Milan 0-1 INTER (2011/12) Javier Zanetti
90.6%
Milan 0-1 INTER (2011/12) Esteban Cambiasso
90.6%
INTER 4-2 Milan (2011/12) Javier Zanetti
90.6%
INTER 4-2 Milan (2011/12) Esteban Cambiasso
90.6%
Milan 0-1 INTER (2012/13) Javier Zanetti
90.6%
Milan 0-1 INTER (2012/13) Esteban Cambiasso
90.6%
INTER 1-1 Milan (2012/13) Javier Zanetti
90.6%
INTER 1-1 Milan (2012/13) Esteban Cambiasso
90.6%
INTER 1-0 Milan (2013/14) Esteban Cambiasso
90.6%
INTER 1-0 Milan (2013/14) Javier Zanetti
90.6%
Milan 1-0 INTER (2013/14) Esteban Cambiasso
90.6%
INTER 0-1 Milan (2010/11) Dejan Stanković
90.5%
Match & Year Player % Correct
Inter 1-1 MILAN (2012/13) Cristián Zapata
89.4%
Inter 1-0 MILAN (2013/14) Cristián Zapata
89.4%
MILAN 1-1 Inter (2014/15) Cristián Zapata
89.4%
MILAN 1-1 Inter (2014/15) Diego López
89.3%
Inter 0-0 MILAN (2014/15) Diego López
89.3%
Milan 1-0 INTER (2013/14) Mauro Icardi
89.1%
Milan 1-1 INTER (2014/15) Mauro Icardi
89.1%
INTER 0-0 Milan (2014/15)Mauro Icardi
89.1%
Inter 0-1 MILAN (2010/11) Thiago Silva
89%
MILAN 3-0 Inter (2010/11) Thiago Silva
89%
MILAN 0-1 Inter (2011/12) Thiago Silva
89%
MILAN 3-0 Inter (2010/11) Alexandre Pato
88.9%
MILAN 0-1 Inter (2011/12) Alexandre Pato
88.9%
Milan 3-0 INTER (2010/11) Maicon
88.6%
Milan 0-1 INTER (2011/12) Maicon
88.6%
INTER 4-2 Milan (2011/12) Maicon
88.6%
Inter 0-1 MILAN (2010/11) Gennaro Gattuso
88.3%
MILAN 3-0 Inter (2010/11) Gennaro Gattuso
88.3%
MILAN 0-1 Inter (2012/13) Nigel de Jong
88.3%
Inter 1-0 MILAN (2013/14) Nigel de Jong
88.3%
MILAN 1-0 Inter (2013/14) Nigel de Jong
88.3%
Inter 0-0 MILAN (2014/15) Nigel de Jong
88.3%
MILAN 3-0 Inter (2010/11) Kevin-Prince Boateng
87.7%
MILAN 0-1 Inter (2011/12) Kevin-Prince Boateng
87.7%
Inter 4-2 MILAN (2011/12) Kevin-Prince Boateng
87.7%
MILAN 0-1 Inter (2012/13) Kevin-Prince Boateng
87.7%
Inter 1-1 MILAN (2012/13) Kevin-Prince Boateng
87.7%
MILAN 3-0 Inter (2010/11) Mark van Bommel
86.4%
MILAN 0-1 Inter (2011/12) Mark van Bommel
86.4%
Inter 4-2 MILAN (2011/12) Mark van Bommel
86.4%
INTER 1-1 Milan (2012/13) Rodrigo Palacio
86.2%
INTER 1-0 Milan (2013/14) Rodrigo Palacio
86.2%
Milan 1-0 INTER (2013/14) Rodrigo Palacio
86.2%
Milan 1-1 INTER (2014/15) Rodrigo Palacio
86.2%
INTER 0-0 Milan (2014/15)Rodrigo Palacio
86.2%
Inter 0-1 MILAN (2010/11) Alessandro Nesta
85.6%
MILAN 3-0 Inter (2010/11) Alessandro Nesta
85.6%
MILAN 0-1 Inter (2011/12) Alessandro Nesta
85.6%
Inter 4-2 MILAN (2011/12) Alessandro Nesta
85.6%
Inter 0-1 MILAN (2010/11) Clarence Seedorf
85.2%
MILAN 3-0 Inter (2010/11) Clarence Seedorf
85.2%
INTER 0-1 Milan (2010/11) Iván Córdoba
84.8%
Milan 0-1 INTER (2011/12) Walter Samuel
84.8%
INTER 4-2 Milan (2011/12) Walter Samuel
84.8%
Milan 0-1 INTER (2012/13) Walter Samuel
84.8%
Milan 1-0 INTER (2013/14) Walter Samuel
84.8%
Milan 3-0 INTER (2010/11) Goran Pandev
84.6%
MILAN 0-1 Inter (2012/13) Riccardo Montolivo
83.9%
Inter 1-1 MILAN (2012/13) Riccardo Montolivo
83.9%
MILAN 1-0 Inter (2013/14) Riccardo Montolivo
83.9%
MILAN 1-1 Inter (2014/15) Jérémy Ménez
83.6%
Inter 0-0 MILAN (2014/15) Jérémy Ménez
83.6%
Inter 0-1 MILAN (2010/11) Massimo Ambrosini
82.4%
Inter 1-1 MILAN (2012/13) Mario Balotelli
81.5%
Inter 1-0 MILAN (2013/14) Mario Balotelli
81.5%
MILAN 1-0 Inter (2013/14) Mario Balotelli
81.5%
MILAN 1-1 Inter (2014/15) Fernando Torres
80.4%
INTER 0-1 Milan (2010/11) Marco Materazzi
79.6%
Milan 3-0 INTER (2010/11) Andrea Ranocchia
79.5%
Milan 0-1 INTER (2012/13) Andrea Ranocchia
79.5%
INTER 1-1 Milan (2012/13) Andrea Ranocchia
79.5%
Milan 1-0 INTER (2013/14) Andrea Ranocchia
79.5%
Milan 1-1 INTER (2014/15) Andrea Ranocchia
79.5%
INTER 0-0 Milan (2014/15)Andrea Ranocchia
79.5%
MILAN 0-1 Inter (2012/13) Mattia De Sciglio
79%
Inter 1-1 MILAN (2012/13) Mattia De Sciglio
79%
Inter 1-0 MILAN (2013/14) Mattia De Sciglio
79%
MILAN 1-0 Inter (2013/14) Mattia De Sciglio
79%
MILAN 1-1 Inter (2014/15) Mattia De Sciglio
79%
INTER 4-2 Milan (2011/12) Fredy Guarín
77.4%
INTER 1-1 Milan (2012/13) Fredy Guarín
77.4%
INTER 1-0 Milan (2013/14) Fredy Guarín
77.4%
Milan 1-1 INTER (2014/15) Fredy Guarín
77.4%
Milan 1-0 INTER (2013/14) Mateo Kovačić
76.7%
Match & Year Player % Correct
Milan 1-1 INTER (2014/15) Mateo Kovačić
76.7%
INTER 0-0 Milan (2014/15)Mateo Kovačić
76.7%
Milan 3-0 INTER (2010/11) Giampaolo Pazzini
74.6%
Milan 0-1 INTER (2011/12) Giampaolo Pazzini
74.6%
Inter 4-2 MILAN (2011/12) Mario Yepes
74.6%
MILAN 0-1 Inter (2012/13) Mario Yepes
74.6%
MILAN 1-1 Inter (2014/15) Michael Essien
74.3%
Milan 0-1 INTER (2012/13) Juan Jesus
73%
INTER 1-1 Milan (2012/13) Juan Jesus
73%
INTER 1-0 Milan (2013/14) Juan Jesus
73%
Milan 1-1 INTER (2014/15) Juan Jesus
73%
INTER 0-0 Milan (2014/15)Juan Jesus
73%
INTER 0-0 Milan (2014/15)Gary Medel
71.6%
MILAN 0-1 Inter (2012/13) Stephan El Shaarawy
70.8%
Inter 1-1 MILAN (2012/13) Stephan El Shaarawy
70.8%
MILAN 1-1 Inter (2014/15) Stephan El Shaarawy
70.8%
Inter 1-0 MILAN (2013/14) Kaká
70.7%
MILAN 1-0 Inter (2013/14) Kaká
70.7%
MILAN 0-1 Inter (2011/12) Urby Emanuelson
70.1%
MILAN 0-1 Inter (2012/13) Urby Emanuelson
70.1%
Inter 0-1 MILAN (2010/11) Mathieu Flamini
66.9%
INTER 0-0 Milan (2014/15)Nemanja Vidić
66.7%
Milan 0-1 INTER (2012/13) Antonio Cassano
66.4%
INTER 1-1 Milan (2012/13) Antonio Cassano
66.4%
Inter 1-0 MILAN (2013/14) Kévin Constant
66.4%
MILAN 1-0 Inter (2013/14) Kévin Constant
66.4%
Inter 0-1 MILAN (2010/11) Gianluca Zambrotta
65.2%
MILAN 3-0 Inter (2010/11) Gianluca Zambrotta
65.2%
MILAN 0-1 Inter (2011/12) Gianluca Zambrotta
65.2%
INTER 0-1 Milan (2010/11) Joel Obi
64.7%
Milan 1-1 INTER (2014/15) Joel Obi
64.7%
MILAN 1-0 Inter (2013/14) Adil Rami
64.2%
MILAN 1-1 Inter (2014/15) Adil Rami
64.2%
Inter 0-0 MILAN (2014/15) Alex
63.6%
MILAN 0-1 Inter (2011/12) Antonio Nocerino
63.3%
Inter 4-2 MILAN (2011/12) Antonio Nocerino
63.3%
Inter 1-1 MILAN (2012/13) Antonio Nocerino
63.3%
Inter 1-0 MILAN (2013/14) Andrea Poli
60.1%
MILAN 1-0 Inter (2013/14) Andrea Poli
60.1%
Inter 0-0 MILAN (2014/15) Andrea Poli
60.1%
Inter 0-0 MILAN (2014/15) Suso
58.8%
Milan 3-0 INTER (2010/11) Thiago Motta
55.3%
Milan 0-1 INTER (2011/12) Thiago Motta
55.3%
Inter 4-2 MILAN (2011/12) Daniele Bonera
55.3%
MILAN 0-1 Inter (2012/13) Daniele Bonera
55.3%
Inter 1-0 MILAN (2013/14) Daniele Bonera
55.3%
Inter 0-0 MILAN (2014/15) Luca Antonelli
55.1%
MILAN 1-1 Inter (2014/15) Giacomo Bonaventura
55%
Inter 0-0 MILAN (2014/15) Giacomo Bonaventura
55%
MILAN 0-1 Inter (2012/13) Bojan Krkić
54.7%
MILAN 1-0 Inter (2013/14) Adel Taarabt
54.3%
Milan 0-1 INTER (2011/12) Ricky Álvarez
49.9%
INTER 4-2 Milan (2011/12) Ricky Álvarez
49.9%
INTER 1-1 Milan (2012/13) Ricky Álvarez
49.9%
INTER 1-0 Milan (2013/14) Rolando
49%
Milan 1-0 INTER (2013/14) Rolando
49%
Milan 0-1 INTER (2012/13) Walter Gargano
45.6%
INTER 1-1 Milan (2012/13) Walter Gargano
45.6%
INTER 0-0 Milan (2014/15)Danilo D'Ambrosio
44.9%
INTER 1-0 Milan (2013/14) Jonathan
44.7%
Milan 1-0 INTER (2013/14) Jonathan
44.7%
Milan 1-0 INTER (2013/14) Hernanes
44.6%
INTER 0-0 Milan (2014/15)Hernanes
44.6%
Inter 0-0 MILAN (2014/15) Marco van Ginkel
44.1%
Milan 0-1 INTER (2012/13) Philippe Coutinho
42.8%
INTER 1-0 Milan (2013/14) Saphir Taïder
41.9%
INTER 0-1 Milan (2010/11) Luca Castellazzi
40.8%
Milan 1-1 INTER (2014/15) Zdravko Kuzmanović
39.1%
INTER 1-0 Milan (2013/14) Hugo Campagnaro
33.7%
Milan 1-1 INTER (2014/15) Dodô
30.4%
INTER 0-0 Milan (2014/15)Assane Demoya Gnoukouri
26.7%
Inter 1-0 MILAN (2013/14) Riccardo Saponara
24%

You're not logged in!

Compare scores with friends on all Sporcle quizzes.
Join for Free
OR
Log In

You Might Also Like...

Show Comments

Extras

Top Quizzes Today


Score Distribution

Your Account Isn't Verified!

In order to create a playlist on Sporcle, you need to verify the email address you used during registration. Go to your Sporcle Settings to finish the process.

Report this User

Report this user for behavior that violates our Community Guidelines.

Details: